| 000 | 01117nam a2200265 a 4500 | ||
|---|---|---|---|
| 001 | 000035365 | ||
| 005 | 20260310111532.0 | ||
| 008 | 111028s1979 sp 000 0 spa d | ||
| 020 | _a8473670612 | ||
| 040 |
_aDO-SdBNP _bspa _cBNPHU |
||
| 041 | 1 | 7 |
_aspa _hfre |
| 100 | 1 |
_aArtous, Antoine, _d1946- _961165 |
|
| 245 | 1 | 4 |
_aLos origenes de la opresión de la mujer : _bsistema capitalista y opresión de la mujer / _cAntoine Artous ; apéndice de Fréderique Vinteuil: Sobre los orígenes de la opresión de la mujer ; traducción Helga Pawlowsky. |
| 250 | _a2a. ed. | ||
| 260 |
_aBarcelona : _bFontamara, _c1979. |
||
| 300 |
_a143, [14] p. ; _c20 cm. |
||
| 490 | 0 | _aArgumentos | |
| 500 | _aTít. original: Les ofigines de l´opression des femmes (systéme capitaliste et opression des femmes) | ||
| 510 | 0 | _aÍndice analítico y de nombres: p. 145-157 | |
| 590 | _aPerteneció a la biblioteca personal de Juan Isidro Jimenes Grullón | ||
| 650 | 2 | 0 |
_aDiscriminación sexual _961166 |
| 700 | 1 |
_aVinteuil, Fréderique, _eapénd. _961167 |
|
| 700 | 1 |
_aPawlowsky, Helga, _etrad. _961168 |
|
| 830 | 0 |
_aArgumentos _98962 |
|
| 999 |
_c34856 _d34856 |
||